Statystyki dla Dyktatorzy świata

Kliknij tutaj aby rozwiązać quiz!

Ogólne statystyki

  • Ten quiz został rozwiązany 136 razy
  • Średni wynik to 5 z 10

Statystyki odpowiedzi

Państwo:Lata panowania:Dyktator:% Poprawnych
Białoruśod 20 lipca 1994 do dziśAleksander Łukaszenka
98%
Korea Północnaod 17 grudnia 2011 do dziśKim Dzong Un
88%
Kubaod 2 grudnia 1976 do 2008Fidel Castro
76%
ZSRRprezydent ZSRR (1990-91) oraz pierwszy sekretarz ZSRR (1988-90)Michaił Gorbaczow
66%
Korea Północnaod 1948 do 1994Kim Ir Sen
64%
Chinyod 3 marca 2013 do dziśXi Jinping
42%
Wenezuelaod 5 marca 2013 do dziśNicolas Maduro
30%
Brazyliaod 1 stycznia 2019 roku do dziśJair Bolsonaro
21%
Iranod 4 kwietnia 1989 do dziśAli Chamenei
7%
Turkmenistanod 21 grudnia 2006 do dziśGurbanguly Berdimuhamedow
6%

Rozkład punktacji

Percentyl według liczby udzielonych odpowiedzi

Procent ludzi z każdym wynikiem

Twoja historia wyników

Nie rozwiązałeś tego quizu